书目信息 |
| 题名: |
裂隙网络-管道双重介质水流运动规律研究
|
|
| 作者: | 张春艳 著 | |
| 分册: | ||
| 出版信息: | 北京 中国水利水电出版社 2019.11 |
|
| 页数: | 177页 | |
| 开本: | 26cm | |
| 丛书名: | ||
| 单 册: | ||
| 中图分类: | TV131.2 | |
| 科图分类: | ||
| 主题词: | 裂隙介质--lie xi jie zhi--水流动--研究 | |
| 电子资源: | ||
| ISBN: | 978-7-5170-8213-2 | |
| 000 | 00986nam0 2200241 450 | |
| 001 | 2074170525 | |
| 005 | 20201105203623.14 | |
| 010 | @a978-7-5170-8213-2@dCNY98.00 | |
| 100 | @a20200415d2019 em y0chiy50 ea | |
| 101 | 0 | @achi |
| 102 | @aCN@b110000 | |
| 105 | @aa a 000yy | |
| 200 | 1 | @a裂隙网络-管道双重介质水流运动规律研究@Alie xi wang luo - guan dao shuang chong jie zhi shui liu yun dong gui lu^ yan jiu@f张春艳 ... [等] 著 |
| 210 | @a北京@c中国水利水电出版社@d2019.11 | |
| 215 | @a177页@c图@d26cm | |
| 304 | @a题名页题其余责任者: 束龙仓, 张帅领, 吴光东, 赵贵章, 张珍 | |
| 320 | @a有书目 (第165-177页) | |
| 330 | @a本书主要采取裂隙网络—管道双重介质水流的运动规律开展相关研究, 分五章, 内容包括: 室内物理模型的设计 ; 单裂隙水流运动特征研究 ; 裂隙网络-管道双重介质水流运动特征研究等。 | |
| 606 | 0 | @a裂隙介质@Alie xi jie zhi@x水流动@x研究 |
| 690 | @aTV131.2@v5 | |
| 701 | 0 | @a张春艳@Azhang chun yan@4著 |
| 801 | 0 | @aCN@b人天书店@c20200927 |
| 905 | @aZUCC@dTV131.2@eZ088 | |
| 裂隙网络-管道双重介质水流运动规律研究/张春艳 ... [等] 著.-北京:中国水利水电出版社,2019.11 |
| 177页:图;26cm |
| ISBN 978-7-5170-8213-2:CNY98.00 |
| 本书主要采取裂隙网络—管道双重介质水流的运动规律开展相关研究, 分五章, 内容包括: 室内物理模型的设计 ; 单裂隙水流运动特征研究 ; 裂隙网络-管道双重介质水流运动特征研究等。 |
| ● |
| 相关链接 |
|
|
|
正题名:裂隙网络-管道双重介质水流运动规律研究
索取号:TV131.2/Z088
 
预约/预借
| 序号 | 登录号 | 条形码 | 馆藏地/架位号 | 状态 | 备注 |
| 1 | 1480830 | 214808305 | 自科库501/501自科库 47排5列1层/ [索取号:TV131.2/Z088] | 在馆 | |
| 2 | 1480831 | 214808314 | 自科库501/501自科库 47排5列1层/ [索取号:TV131.2/Z088] | 在馆 |